Quiz sur l'Ille et Vilaine - Statistiques

Statistiques générales
  • Ce quiz a été pris 116 fois
  • Le résultat moyen est 5 sur 6
Statistiques - réponses
Question Réponse % Correct
Quel est le numéro de l'Ille et Vilaine ? 35
100%
Dans quel région se situe l'Ille et Vilaine Bretagne
100%
Quel est le nom de la troisième plus grande ville d'Ille et Vilaine et qui porte aussi le nom d'une végétation Fougères
100%
Quel ville est surnommé "La Cité Corsaire" ? Saint-Malo
100%
Quel est la préfecture de l'Ille et Vilaine ? Rennes
95%
Combien de département sont limitrophe à l'Ille et Vilaine ? 6
35%
Aucun quiz correspondant
Distribution des résultats
% des personnes avec chaque résultat
Percentile par nombre de réponses
Votre historique - résultats
Vous n’avez pas pris ce quiz